Central Library OPAC University of Rajshahi

The Routledge Handbook of Global Ethics / (Record no. 37906)

MARC details
000 -LEADER
fixed length control field 00894nam a2200265 a 4500
001 - CONTROL NUMBER
control field 37906
003 - CONTROL NUMBER IDENTIFIER
rucl marc code BD-RjUL
005 - DATE AND TIME OF LATEST TRANSACTION
control field 20211209052703.0
008 - FIXED-LENGTH DATA ELEMENTS--GENERAL INFORMATION
fixed length control field 150809s2015 nyu eng
020 ## - INTERNATIONAL STANDARD BOOK NUMBER
International Standard Book Number 9781844656370
035 ## - SYSTEM CONTROL NUMBER
System control number DAW25653899
-- (BD-RjUL)38011
040 ## - CATALOGING SOURCE
Original cataloging agency BD-RjUL
Language of cataloging eng
Transcribing agency BD-RjUL
041 ## - LANGUAGE CODE
Language code of text/sound track or separate title eng
082 ## - DEWEY DECIMAL CLASSIFICATION NUMBER
Classification number 170
Edition number 23
Author mark and year ROU 2015
245 ## - TITLE STATEMENT
Title The Routledge Handbook of Global Ethics /
Statement of responsibility, etc. edited by Darrel Moellendorf and Heather Widdows.
260 ## - PUBLICATION, DISTRIBUTION, ETC. (IMPRINT)
Place of publication, distribution, etc. London ;
-- New york :
Name of publisher, distributor, etc. Routledge,
Date of publication, distribution, etc. 2015.
300 ## - PHYSICAL DESCRIPTION
Pagination xii, 501 p. ;
Size 25 cm.
490 ## - SERIES STATEMENT
Series statement Routledge Handbooks in Applied Ethics
504 ## - BIBLIOGRAPHY, ETC. NOTE
Bibliography, etc Includes bibliographical references and index.
650 ## - SUBJECT ADDED ENTRY--TOPICAL TERM
Topical term or geographic name as entry element Ethics, Modern
Chronological subdivision 21st century.
9 (RLIN) 117425
700 1# - ADDED ENTRY--PERSONAL NAME
Personal name Moellendorf, Darrel.
Personal name Widdows, Heather
830 #0 - SERIES ADDED ENTRY--UNIFORM TITLE
Uniform title Routledge handbooks in applied ethics.
942 ## - ADDED ENTRY ELEMENTS (KOHA)
Source of classification or shelving scheme Dewey Decimal Classification
Koha item type Books
Holdings
Lost status Source of classification or shelving scheme Damaged status Not for loan Collection code Permanent Location Current Location Shelving location Date acquired Source of acquisition Cost, normal purchase price Total Checkouts Full call number Date last seen Date checked out Copy number Koha item type
  Dewey Decimal Classification     Non-fiction Central Library, University of Rajshahi Central Library, University of Rajshahi   09/08/2015 RUCL 0.00 2 170 ROU 2015 28/02/2016 28/12/2015 C-2 Books